Kenya 1963-1973 : (Record no. 734)

MARC details
000 -LEADER
fixed length control field 00677nam a22002052 4500
001 - CONTROL NUMBER
control field 0000007573
005 - DATE AND TIME OF LATEST TRANSACTION
control field 20151021151113.0
008 - FIXED-LENGTH DATA ELEMENTS--GENERAL INFORMATION
fixed length control field 080218s xx 000 0 eng d
020 ## - INTERNATIONAL STANDARD BOOK NUMBER
Terms of availability KES
040 ## - CATALOGING SOURCE
Original cataloging agency KABU
Transcribing agency KABU
110 2# - MAIN ENTRY--CORPORATE NAME
Corporate name or jurisdiction name as entry element Kenya.
Subordinate unit Ministry of Finance and Planning.
-- 0000150234
245 10 - TITLE STATEMENT
Title Kenya 1963-1973 :
Remainder of title 10 years of economic and social development /
Statement of responsibility, etc. Kenya.
260 ## - PUBLICATION, DISTRIBUTION, ETC. (IMPRINT)
Place of publication, distribution, etc. Nairobi :
Name of publisher, distributor, etc. Ministry of Finance and Planning,
Date of publication, distribution, etc. 1973.
300 ## - PHYSICAL DESCRIPTION
Extent 165 p.
650 #0 - SUBJECT ADDED ENTRY--TOPICAL TERM
Topical term or geographic name as entry element Kenya
General subdivision Econmic conditions.
-- 0000158850
650 #0 - SUBJECT ADDED ENTRY--TOPICAL TERM
Topical term or geographic name as entry element Kenya
General subdivision Social conditions.
-- 0000158851
908 ## - PUT COMMAND PARAMETER (RLIN)
Put command parameter 080218
950 ## - LOCAL HOLDINGS (RLIN)
-- 1
Holdings
Withdrawn status Lost status Source of classification or shelving scheme Not for loan Home library Current library Date acquired Total Checkouts Full call number Barcode Date last seen Date last checked out Price effective from Koha item type
    Library of Congress Classification   Kabarak, Nakuru City Campus Kabarak, Nakuru City Campus 21/10/2015 1 HC865 .K46 1973 012144 13/03/2019 09/02/2019 21/10/2015 General Collection
Designed with assistance from East African Informatics Ltd